|
|
|
|
| LEADER |
01070nam a2200229 i 4500 |
| 003 |
GR-PaULI |
| 005 |
20210117210456.0 |
| 008 |
171011s1994 gre |||g |||| 000 1 gre d |
| 020 |
|
|
|a 9603251046
|
| 040 |
|
|
|a GR-PaULI
|b gre
|c GR-PaULI
|e AACR2
|
| 041 |
1 |
|
|a gre
|h eng
|
| 082 |
0 |
4 |
|2 23
|a 891.623 4
|
| 100 |
1 |
|
|9 164688
|a Frank, Ronan,
|d 1963-
|e συγγραφέας
|
| 245 |
1 |
3 |
|a Οι άνδρες που αγάπησαν την Ήβλυν Κόττον /
|c Frank Ronan ; μετάφραση Αλεξάνδρα Παπαθανασόπουλου.
|
| 260 |
|
|
|a Αθήνα :
|b Άγρα,
|c 1994.
|
| 300 |
|
|
|a 348 σ. ;
|c 17 εκ.
|
| 700 |
1 |
|
|9 2004
|a Παπαθανασοπούλου, Αλεξάνδρα
|e μεταφραστής
|
| 765 |
0 |
8 |
|i Μετάφραση του:
|t The men who loved Evelyn Cotton
|
| 942 |
|
|
|2 ddc
|c BK15
|
| 952 |
|
|
|0 0
|1 0
|2 ddc
|4 0
|6 891_623000000000000_4_RON
|7 0
|9 216050
|a LISP
|b LISP
|c DON
|d 2017-10-11
|e ΒΑΛ
|i 127682
|l 1
|o 891.623 4 RON
|p 025000245229
|r 2022-09-02 00:00:00
|s 2022-06-10
|t 1
|v 2017.00
|w 2017-10-11
|y BK15
|
| 998 |
|
|
|c ΒΑΣΙΛΕΙΟΥ
|d 2017-10
|
| 999 |
|
|
|c 131120
|d 131120
|